000 00634nam a2200205Ia 4500
001 13528
003 IVS
005 20250626030850.0
008 211022s9999 xx 000 0 und d
040 _cIVS
082 _a741.6 NAY
100 _aNayhan Karim
245 0 _aIs experiential design present in malls different across Karachi and is it creating social barrier or social integration?
260 _aKarachi
260 _bIndus Valley School of Art & Architecture
260 _c2017
300 _a75
856 _uhttps://drive.google.com/file/d/1n0ZDno9tprzSjyfFzCudmImfgpH5nmcu/view?usp=sharing
942 _cDISS
_2ddc
_n0
999 _c13197
_d13197